| 000 | 00679nam a2200145 a 4500 | ||
|---|---|---|---|
| 008 | 220223s2019 ||||||||||||||||| || u | ||
| 050 | _aCBU-PG THESIS/MAT | ||
| 100 | _aMatipa, Gibson | ||
| 245 | 1 | 4 |
_aThe impact of Accommodation Location on Students Performance in General Chemistry at the Copperbelt University _cBy Gibson Matipa |
| 260 |
_aKitwe _bCopperbelt University _c2019 |
||
| 300 | _axi, 48 pages :illustrations | ||
| 650 | _aSTUDENTS PERFORMANCE - GENERAL CHEMISTRY | ||
| 650 | _aACCOMMODATION OF STUDENTS - COPPERBELT PROVINCE | ||
| 995 |
_FCBU-MAIN LIBRARY (Kitwe) _M1 _UAVAILABLE _WAug 26, 2022 _ZUniversity Collection |
||
| 999 |
_c46214 _d46214 |
||